Word Ladder: Animal with a Pinned Tail Quiz Stats

Quiz Updated Dec 15, 2015

Challenge
Share
Tweet
Embed
Score 0/13 Timer 01:30
3 Plays Today
Hint 3-Letter Word % Correct
Its tail wagsDOG
98.1%
It can be used for fryingPAN
96.3%
Old womanHAG
94.6%
Catch raysTAN
93.7%
Harley DavidsonHOG
93.7%
A metalTIN
93.4%
The 11th letterKAY
93.4%
GratuityTIP
93.2%
Kids' gameTAG
92.9%
FaucetTAP
92.1%
An object of one's jobPAY
90.4%
First part of animal with a pinned tailDON
88.6%
Last part of animal with a pinned tailKEY
87.6%

Today's Daily Dose

You're not logged in!

Compare scores with friends on all Sporcle quizzes.
Sign Up with Email
OR
Log In

You Might Also Like...

Show Comments

Extras

Top Quizzes Today


Score Distribution

Your Account Isn't Verified!

In order to create a playlist on Sporcle, you need to verify the email address you used during registration. Go to your Sporcle Settings to finish the process.